| 000 | 00447nab a2200145Ia 4500 | ||
|---|---|---|---|
| 003 | ES-SlBCS | ||
| 005 | 20210601124324.0 | ||
| 008 | 140529s1992 xxu||||| |||| 00| 0 eng d | ||
| 041 | _aeng | ||
| 100 | 1 |
_aArcilla, René Vicente _9139636 |
|
| 245 | 0 | 0 |
_aTragic Absolutism in Education _c René Vicente Arcilla |
| 650 | 0 | 4 |
_aEducación-Absolutismo _9139708 |
| 773 | 0 |
_tEducational Theory _gvol. 42, nº. 4, 1992, págs. 473-482 _wRev1399 |
|
| 942 | _cAR | ||
| 999 |
_c512918 _d512918 |
||